RARA/ (Record no. 3651)

MARC details
000 -LEADER
campo de control de longitud fija 01177nam a22004217a 4500
003 - IDENTIFICADOR DE NÚMERO DE CONTROL
campo de control OSt
005 - FECHA Y HORA DE LA ÚLTIMA TRANSACCIÓN
campo de control 20230519111759.0
008 - DATOS DE LONGITUD FIJA--INFORMACIÓN GENERAL
campo de control de longitud fija 221006b |||||||| |||| 00| 0 eng d
040 ## - FUENTE DE CATALOGACIÓN
Centro/agencia transcriptor Biblioteca Lado V
082 ## - NÚMERO DE LA CLASIFICACIÓN DECIMAL DEWEY
Número de clasificación 720
Número de ítem A859r
100 ## - ENTRADA PRINCIPAL--NOMBRE DE PERSONA
9 (RLIN) 829
Nombre de persona Asturias, Andrés
Término indicativo de función/relación director
245 ## - MENCIÓN DEL TÍTULO
Título RARA/
260 ## - PUBLICACIÓN, DISTRIBUCIÓN, ETC.
Nombre del editor, distribuidor, etc. ESTUDIO/A2
Fecha de publicación, distribución, etc. 2012
Lugar de publicación, distribución, etc. Guatemala
300 ## - DESCRIPCIÓN FÍSICA
Dimensiones 22x26cm
Extensión 78p.
366 ## - INFORMACIÓN SOBRE DISPONIBILIDAD COMERCIAL
Nota spa
490 ## - MENCIÓN DE SERIE
Mención de serie 07
Designación de volumen o secuencia 2012
505 ## - NOTA DE CONTENIDO CON FORMATO
Nota de contenido con formato M2
505 ## - NOTA DE CONTENIDO CON FORMATO
Nota de contenido con formato Taller
505 ## - NOTA DE CONTENIDO CON FORMATO
Nota de contenido con formato Nuevo/ARQ
505 ## - NOTA DE CONTENIDO CON FORMATO
Nota de contenido con formato Sin Titulo
505 ## - NOTA DE CONTENIDO CON FORMATO
Nota de contenido con formato Intromision
505 ## - NOTA DE CONTENIDO CON FORMATO
Nota de contenido con formato GPS
505 ## - NOTA DE CONTENIDO CON FORMATO
Nota de contenido con formato Archivo
505 ## - NOTA DE CONTENIDO CON FORMATO
Nota de contenido con formato Museografica
505 ## - NOTA DE CONTENIDO CON FORMATO
Nota de contenido con formato Retrato
505 ## - NOTA DE CONTENIDO CON FORMATO
Nota de contenido con formato REC
505 ## - NOTA DE CONTENIDO CON FORMATO
Nota de contenido con formato Laboratorio
505 ## - NOTA DE CONTENIDO CON FORMATO
Nota de contenido con formato Investigacion
505 ## - NOTA DE CONTENIDO CON FORMATO
Nota de contenido con formato Epilogo
505 ## - NOTA DE CONTENIDO CON FORMATO
Nota de contenido con formato Arquitectura
650 ## - PUNTO DE ACCESO ADICIONAL DE MATERIA--TÉRMINO DE MATERIA
Fuente del encabezamiento o término Tesauro de Arte & Arquitectura
Término de materia o nombre geográfico como elemento de entrada ARTE
9 (RLIN) 703
650 ## - PUNTO DE ACCESO ADICIONAL DE MATERIA--TÉRMINO DE MATERIA
Fuente del encabezamiento o término Tesauro de Arte & Arquitectura
Término de materia o nombre geográfico como elemento de entrada ARQUITECTURA
650 ## - PUNTO DE ACCESO ADICIONAL DE MATERIA--TÉRMINO DE MATERIA
Fuente del encabezamiento o término Tesauro de Arte & Arquitectura
Término de materia o nombre geográfico como elemento de entrada FOTOGRAFIA
9 (RLIN) 702
650 ## - PUNTO DE ACCESO ADICIONAL DE MATERIA--TÉRMINO DE MATERIA
Fuente del encabezamiento o término Tesauro de Arte & Arquitectura
Término de materia o nombre geográfico como elemento de entrada AMBIENTE
650 ## - PUNTO DE ACCESO ADICIONAL DE MATERIA--TÉRMINO DE MATERIA
Fuente del encabezamiento o término Tesauro de Arte & Arquitectura
Término de materia o nombre geográfico como elemento de entrada APRECIACION
651 ## - PUNTO DE ACCESO ADICIONAL DE MATERIA--NOMBRE GEOGRÁFICO
Fuente del encabezamiento o término Tesauro de Arte & Arquitectura
Nombre geográfico GUATEMALA
942 ## - ELEMENTOS DE ENTRADA SECUNDARIOS (KOHA)
Fuente del sistema de clasificación o colocación Clasificación Decimal Dewey
Tipo de ítem Koha Libros
Parte de la signatura que corresponde a la clasificación (Parte de la clasificación) 720
Parte de la signatura que identifica el ejemplar (Parte del ítem) A859r
Suprimir en OPAC No
Holdings
Estatus retirado Estado de pérdida Fuente del sistema de clasificación o colocación Especificación de materiales (volumen encuadernado u otra parte) Estado de daño No para préstamo Colección Biblioteca de origen Biblioteca actual Fecha de adquisición Enumeración/cronología de publicación seriada Número de inventario Total de préstamos Signatura topográfica completa Código de barras Visto por última vez Precio de reemplazo Tipo de ítem Koha
    Clasificación Decimal Dewey 2012     Revistas Biblioteca LadoV Biblioteca LadoV 19/05/2023 07 003938   720 A859r 003938 19/05/2023 19/05/2023 Libros